<?xml version="1.0" encoding="UTF-8"?>
<record
    xmlns:xsi="http://www.w3.org/2001/XMLSchema-instance"
    xsi:schemaLocation="http://www.loc.gov/MARC21/slim http://www.loc.gov/standards/marcxml/schema/MARC21slim.xsd"
    xmlns="http://www.loc.gov/MARC21/slim">

  <leader>01661nam a22001457a 4500</leader>
  <controlfield tag="008">120903t        xxu||||| |||| 00| 0 eng d</controlfield>
  <datafield tag="050" ind1=" " ind2=" ">
    <subfield code="a">QC 21.K79</subfield>
  </datafield>
  <datafield tag="100" ind1=" " ind2=" ">
    <subfield code="a">Kompaneyets, A.S.</subfield>
  </datafield>
  <datafield tag="245" ind1=" " ind2=" ">
    <subfield code="a">A course of theoretical physics. /</subfield>
    <subfield code="c">A S Kompaneyes</subfield>
  </datafield>
  <datafield tag="260" ind1=" " ind2=" ">
    <subfield code="a">Mosow:</subfield>
    <subfield code="b">MIR Publishers,</subfield>
    <subfield code="c">1978.</subfield>
  </datafield>
  <datafield tag="300" ind1=" " ind2=" ">
    <subfield code="c">564 p.:</subfield>
    <subfield code="b">24cm.</subfield>
  </datafield>
  <datafield tag="500" ind1=" " ind2=" ">
    <subfield code="a">Includes Index.</subfield>
  </datafield>
  <datafield tag="505" ind1=" " ind2=" ">
    <subfield code="a">Contents: Mechanics: General remarks -- Language equations -- Examples of contructing the language equations -- Conservation laws -- Motion in a central field -- Collision of particles --  Small oscillations -- Noninetial frames of reference -- Dynamics of rigid bodies -- Hamilton's equations and hamilton Jacobi equation -- Electrodynamics: Veector analysis -- Maxwell's equations -- Eientein's relativity principle -- Relativistic mechanics -- Action of an electrostatics of point charges -- Magnetostatics waves -- Transmission of signals. Almost plane waves -- The Emission of electromagnetic waves -- Quantum mechanics: The Inadequacy of classical mechanics. The Analogy between mechanics and geometrical optics -- Electron diffraction -- The Wave equation -- Operators in quantum mechanics -- Expansions in wave functions -- Tranformation of independent variables -- Operators in metrix representation -- Some problems in coordinate representation -- Motion in a central potential -- Electron spin -- The Quasi-classical approximation -- Perturbation theory -- Many electron systems. The Atom -- Diatomic molecules -- The Quantum theory of scattering -- The Quantum theory of radiation -- The Quantum theory of radiation -- The Dirac equation -- Supplementary exercises.</subfield>
  </datafield>
  <datafield tag="942" ind1=" " ind2=" ">
    <subfield code="2">lcc</subfield>
    <subfield code="c">BK</subfield>
  </datafield>
  <datafield tag="999" ind1=" " ind2=" ">
    <subfield code="c">2293</subfield>
    <subfield code="d">9793</subfield>
  </datafield>
  <datafield tag="952" ind1=" " ind2=" ">
    <subfield code="0">0</subfield>
    <subfield code="1">0</subfield>
    <subfield code="2">lcc</subfield>
    <subfield code="4">0</subfield>
    <subfield code="7">0</subfield>
    <subfield code="a">WIUC-1</subfield>
    <subfield code="b">WIUC-1</subfield>
    <subfield code="c">GEN</subfield>
    <subfield code="d">2012-09-03</subfield>
    <subfield code="l">0</subfield>
    <subfield code="o">QC 21.K79</subfield>
    <subfield code="p">4747/12</subfield>
    <subfield code="r">2012-09-03 00:00:00</subfield>
    <subfield code="t">1</subfield>
    <subfield code="w">2012-09-03</subfield>
    <subfield code="y">BK</subfield>
  </datafield>
  <datafield tag="952" ind1=" " ind2=" ">
    <subfield code="0">0</subfield>
    <subfield code="1">0</subfield>
    <subfield code="2">lcc</subfield>
    <subfield code="4">0</subfield>
    <subfield code="7">0</subfield>
    <subfield code="a">WIUC-1</subfield>
    <subfield code="b">WIUC-1</subfield>
    <subfield code="c">GEN</subfield>
    <subfield code="d">2012-09-03</subfield>
    <subfield code="l">0</subfield>
    <subfield code="o">QC 21.K791</subfield>
    <subfield code="p">4748/12</subfield>
    <subfield code="r">2012-09-03 00:00:00</subfield>
    <subfield code="t">2</subfield>
    <subfield code="w">2012-09-03</subfield>
    <subfield code="y">BK</subfield>
  </datafield>
</record>
